000 00541nam a2200193Ia 4500
005 20250508162640.0
008 008 250505s9999 xx 000 0 hin d
037 _aTextual
040 _aFEDL
_beng
_cFEDL
041 _ahin
_2hin
084 _a891.431, CHA
_qFEDL
100 _aChaturvedi Jagdish Ed.
_9400014
245 0 _aAaj ki hindi kavita
260 _aDelhi, India
_bPrabhat Prakashan
_c1987
300 _a176p.
700 _a Har Dayal Ed.
_9773688
942 _cTEXL
_h891.431, CHA
999 _c1377835
_d1377835